National legislation and regulations relating to transnational corporations (Record no. 497951)

000 -LEADER
fixed length control field 00405cam a22001097a 4500
008 - FIXED-LENGTH DATA ELEMENTS--GENERAL INFORMATION
fixed length control field 180718b1978 xxu||||| |||| 00| 0 eng d
082 ## - DEWEY DECIMAL CLASSIFICATION NUMBER
Classification number T3101 Un3
245 ## - TITLE STATEMENT
Title National legislation and regulations relating to transnational corporations
Statement of responsibility, etc. by Centre on Transnational Corporations, U.S.A.
260 ## - PUBLICATION, DISTRIBUTION, ETC.
Place of publication, distribution, etc. New York
Name of publisher, distributor, etc. United Nations
Date of publication, distribution, etc. 1978
300 ## - PHYSICAL DESCRIPTION
Extent 302+p
700 ## - ADDED ENTRY--PERSONAL NAME
Personal name U.S.A. Centre on Transnational Corporations
Holdings
Withdrawn status Lost status Damaged status Not for loan Permanent Location Current Location Date acquired Full call number Barcode Date last seen Price effective from Koha item type
        Indian Institute of Public Administration Indian Institute of Public Administration 2018-08-04 T3101 Un3 G14621 2018-08-04 2018-08-04 G

Powered by Koha